000 00553nam a2200169 4500
001 126131
003 ES-MaACL
005 20230906192748.0
007 t|
008 070214s1918 fr r ||||1| fre d
100 1 _aReiss, Rudolphe Archibald.
_996084
245 1 4 _aLes infractions aux règles et lois de la guerre /
_cpar R. A. Reiss.
260 _aParis :
_b[s. n.],
_c1918 (
_eLausanne :
_fPayot)
300 _a107 p., 20 lám. ;
_c24 x 16 cm.
650 0 4 _aGuerra mundial, 1914-1918-
_xDestrucciones y saqueos.
_913218
852 _aES-MaACL
_jG-5358
999 _c126131
_d126131